00376 2200157 4500001002100000005001500021035002000036245005500056100002500111250000600136300001200142260003000154082000800184084001400192990001200206INLIS00000000000254620250604123558 a0010-06250001321 aSisi-Sisi Keagungan Wanita /cAhmad Muhammad Jamal0 aAhmad Muhammad Jamal a1 a116 hlm bSenayan Publishing,c2006 a300 a300 AHM s a0712329